| 000 | 01896nam a2200589 i 4500 | ||
|---|---|---|---|
| 001 | 56113 | ||
| 003 | KOSZ 005 | ||
| 005 | 20230526104215.0 | ||
| 008 | 230515s2007 pl a g 000 0 pol | ||
| 015 | _aUWD 2016/32883 | ||
| 020 | _a9788360688496 | ||
| 035 | _a991049415049705066 | ||
| 035 | _a(PL-WaBN)b52561963-48omnis_nlop | ||
| 035 | _ab52561963 | ||
| 035 | _a(OCoLC)749846118 | ||
| 035 | _a(PL)b0000005256196 | ||
| 035 | _a(EXLNZ-48OMNIS_NETWORK)9910240664105606 | ||
| 040 |
_aWA N _cWA N _dKOSZ 005 |
||
| 041 | 1 |
_apol _hita |
|
| 046 | _k2004 | ||
| 080 | _a069.5(492) | ||
| 080 | _a75(492) | ||
| 080 | _a(084.1) | ||
| 100 | 1 |
_aGondowicz, Jan _d(1950- ) _eAutor |
|
| 245 | 1 | 0 |
_aRijksmuseum, Amsterdam / _c[teksty Jan Gondowicz]. |
| 260 |
_aWarszawa : _bHanski Publishing Services, _ccopyright 2007. |
||
| 300 |
_a143, [1] strony : _bilustracje kolorowe ; _c24 cm. |
||
| 336 |
_aObraz _bsti _2rdacontent |
||
| 336 |
_aTekst _btxt _2rdacontent |
||
| 337 |
_aBez urządzenia pośredniczącego _bn _2rdamedia |
||
| 338 |
_aWolumin _bnc _2rdacarrier |
||
| 380 | _aAlbumy i książki artystyczne | ||
| 380 | _aKsiążki | ||
| 388 | 1 | _a2001- | |
| 490 | 1 | _aWielkie Muzea | |
| 500 | _aDodatek do gazety Rzeczpospolita. | ||
| 610 | 2 | 7 |
_aRijksmuseum (Amsterdam) _2DBN |
| 650 | 7 |
_aMuzealnictwo _2DBN |
|
| 650 | 7 |
_aZbiory muzealne _2DBN |
|
| 651 | 7 |
_aAmsterdam (Holandia) _2DBN |
|
| 651 | 7 |
_aHolandia _2DBN |
|
| 655 | 7 | _aAlbum | |
| 655 | 7 | _aMalarstwo holenderskie | |
| 658 | _aBibliotekarstwo, archiwistyka, muzealnictwo | ||
| 658 | _aHistoria | ||
| 658 | _aKultura i sztuka | ||
| 710 | 2 |
_aHPS _4pbl |
|
| 830 | 0 | _aWielkie Muzea | |
| 856 |
_uhttp://koha.tu.koszalin.pl/cgi-bin/koha/opac-detail.pl?biblionumber=56113 _yKatalog online BPK |
||
| 942 |
_2UKD _cKS |
||
| 999 |
_c56113 _d56113 |
||